000 00717nam a2200241 a 4500
001 000012315
005 20200929162807.0
008 091111s2006 dr 000 f spa d
020 _z1932271511
040 _aDO-SdBNP
_bspa
_cBNPHU
082 _aPa863.44
_bF385n, 2006
100 1 _aFerrer, Renée,
_d1944-
_928977
245 1 4 _aLos nudos del silencio /
_cRenée Ferrer.
250 _a2a ed.
260 _aSan Juan, Puerto Rico, :
_bIsla Negra,
_c2006.
300 _a120 p. ;
_c22 cm.
490 1 _aEl canon secuestrado
650 4 _aNovela paraguaya
_915048
650 4 _aLiteratura paraguaya
_915641
830 0 _aEl canon secuestrado
_96917
910 _aValidado. Control de calidad BNPHU
049 _aBNGR
999 _c11972
_d11972